banner koha

Efeito alelopático e toxicidade frente à Artemia salina leach dos extratos do fruto de Euterpe edulis Martius (Registro n. 216627)

MARC details
000 -LÍDER
campo de controle de tamanho fixo 01167nas a2200337 4500
001 - NÚMERO DE CONTROLE
campo de controle BR2012000430
003 - IDENTIFICADOR DO NÚMERO DE CONTROLE
campo de controle BR-BrBNA
005 - DATA E HORÁRIO DA ÚLTIMA TRANSAÇÃO
campo de controle 20231205120010.0
007 - CAMPO FIXO DE DESCRIÇÃO FÍSICA--INFORMAÇÃO GERAL
campo de controle de tamanho fixo ta
008 - CAMPO DE DADOS FIXOS--INFORMAÇÃO GERAL
campo de controle de tamanho fixo 230509b bl.|||p| |||| 00| 00por d
040 ## - FONTE DA CATALOGAÇÃO
Instituição da catalogação original BR-BrBNA
Idioma da catalogação por
Instituição que transcreveu o registro Biblioteca Nacional de Agricultura
041 ## - CÓDIGO DE IDIOMA
Código do idioma do texto/trilha sonora ou título diferente (Pt)
072 ## - CÓDIGO DE CATEGORIA DE ASSUNTO
Código de Categoria de Assunto H60; H50
100 1# - ENTRADA PRINCIPAL--NOME PESSOAL
Nome pessoal Lima, C.P. de
100 1# - ENTRADA PRINCIPAL--NOME PESSOAL
Nome pessoal Cunico, M.M.
100 1# - ENTRADA PRINCIPAL--NOME PESSOAL
Nome pessoal Trevisan, R.R.
100 1# - ENTRADA PRINCIPAL--NOME PESSOAL
Nome pessoal Philippsen, A.F.
100 1# - ENTRADA PRINCIPAL--NOME PESSOAL
Nome pessoal Miguel, O.G.
100 1# - ENTRADA PRINCIPAL--NOME PESSOAL
Nome pessoal Miguel, M.D.
245 1# - TÍTULO
Título Efeito alelopático e toxicidade frente à Artemia salina leach dos extratos do fruto de Euterpe edulis Martius
246 1# - FORMA VARIANTE DO TÍTULO
Título/título abreviado Allelopathic effects and toxicity against Artemia salina leach of extracts of the fruit of Euterpe edulis Martius
650 ## - ASSUNTO--TERMO TÓPICO
Cabeçalho tópico ou nome geográfico ALELOPATIA
650 ## - ASSUNTO--TERMO TÓPICO
Cabeçalho tópico ou nome geográfico TOXIDEZ
650 ## - ASSUNTO--TERMO TÓPICO
Cabeçalho tópico ou nome geográfico ARTEMIA SALINA
650 ## - ASSUNTO--TERMO TÓPICO
Cabeçalho tópico ou nome geográfico EUTERPE EDULIS
650 ## - ASSUNTO--TERMO TÓPICO
Cabeçalho tópico ou nome geográfico AÇAÍ
773 0# - ENTRADA ANALÍTICA
Título Acta Botanica Brasilica (Brazil)
ISSN - International Standard Serial Number ISSN 0102-3306
Partes relacionadas (Apr-Jun 2011), v. 25(2) p. 331-336
Número de controle do registro BR2012000430
856 4# - LOCALIZAÇÃO ELETRÔNICA E ACESSO
Uniform Resource Identifier <a href="http://www.scielo.br/pdf/abb/v25n2/a09v25n2.pdf">http://www.scielo.br/pdf/abb/v25n2/a09v25n2.pdf</a>
Texto de ligação Recurso eletrônico (PDF)
909 ## -
-- 202311
-- Lúcia
-- 55
-- Lúcia Elande
942 ## - ELEMENTOS DE ENTRADA ADICIONADOS (KOHA)
Fonte da classificação ou esquema de arquivamento na estante Classificação AGRIS
Ocultar no OPAC Não
Tipo de material Koha Analítica
Exemplares
Situação do descarte Fonte da classificação ou esquema de arquivamento na estante Situação física Não pode ser emprestado Biblioteca de origem Biblioteca atual Localização na estante Enumeração do periódico / cronologia Total de empréstimos Data de último acesso Número do exemplar Tipo de material Koha Fonte de aquisição
  Classificação AGRIS   Consulta local Biblioteca Nacional de Agricultura - Binagri Biblioteca Nacional de Agricultura - Binagri   (Apr-Jun 2011), v. 25(2) p. 331-336   29/11/2023 01 Periódicos Portaria Interministerial nº 164/94

BINAGRI

Telefone: (61)3218-2567/2388/3357/2097 - binagri@agro.gov.br

Ministério da Agricultura e Pecuária , Esplanada dos Ministérios, Bloco D, Anexo B, Brasília/DF, CEP: 70.043-900